| Tag |
First Indicator |
Second Indicator |
Subfields |
| LEADER |
00000cam a2200000 a 4500 |
| 001 |
in00002139137 |
| 006 |
m e d # |
| 007 |
cr mn mmmmabba |
| 008 |
820430s1797 nyuf s 000 0 eng d |
| 005 |
20260330213230.2 |
| 035 |
|
|
|z t109866
|
| 035 |
|
|
|z w037195
|
| 035 |
|
|
|a MAAR8204303608B
|
| 035 |
|
|
|9 mwa91-53600
|
| 035 |
|
|
|a 339432
|
| 035 |
|
|
|a aas03037195
|
| 040 |
|
|
|a MWA
|c MWA
|e bdrb
|d UtOrBLW
|
| 100 |
1 |
|
|a Lee, Chauncey,
|d 1763-1842.
|
| 245 |
1 |
4 |
|a The American accomptant :
|b being a plain, practical and systematic compendium of federal arithmetic; : in three parts: designed for the use of schools, and specially calculated for the commercial meridian of the United States of America. /
|c By Chauncey Lee, A.M.
|
| 264 |
|
3 |
|a Lansingburgh [N.Y.] :
|b Printed by William W. Wands,
|c M,DCC,XCVII. [1797] (Published according to act of Congress.)
|
| 300 |
|
|
|a xlii, 1 unnumbered page, 44-297 pages, 15 unnumbered pages, 1 unnumbered leaf of plates :
|b illustrations ;
|c 18 cm. (duodecimo)
|
| 336 |
|
|
|a text
|b txt
|2 rdacontent
|
| 337 |
|
|
|a computer
|b c
|2 rdamedia
|
| 338 |
|
|
|a online resource
|b cr
|2 rdacarrier
|
| 500 |
|
|
|a The frontispiece, engraved by Abner Reed, depicts obverse and verso of a number of coins.
|
| 500 |
|
|
|a Parentheses substituted for square brackets enclosing copyright statement in imprint transcription.
|
| 500 |
|
|
|a "Recommendations."--p. [iii]-iv.
|
| 500 |
|
|
|a Errata note, page [300].
|
| 500 |
|
|
|a Subscribers' list, pages [301-312].
|
| 510 |
4 |
|
|a Evans
|c 32366
|
| 530 |
|
|
|a Microform version available in the Readex Early American Imprints series.
|
| 533 |
|
|
|a Electronic text and image data.
|b [Chester, Vt. :
|c Readex, a division of Newsbank, Inc.,
|d 2002-2004.
|e Includes files in TIFF, GIF and PDF formats with inclusion of keyword searchable text.
|f (Early American imprints. First series ; no. 32366).
|
| 500 |
|
|
|a Electronic resource.
|
| 650 |
|
0 |
|a Arithmetic
|v Early works to 1900.
|
| 650 |
|
0 |
|a Arithmetic
|v Problems, exercises, etc.
|
| 650 |
|
0 |
|a Coins.
|
| 655 |
|
7 |
|a Textbooks.
|2 rbgenr
|
| 655 |
|
7 |
|a Subscribers' lists.
|2 rbgenr
|
| 700 |
1 |
|
|a Reed, Abner,
|d 1771-1866,
|e engraver.
|
| 752 |
|
|
|a United States
|b New York
|d Lansingburgh.
|
| 830 |
|
0 |
|a Early American imprints.
|n Series I,
|p Evans (1639-1800) ;
|v no. 32366.
|
| 856 |
4 |
1 |
|u http://proxy.library.tamu.edu/login?url=https://opac.newsbank.com/select/evans/32366
|y Evans Digital Edition
|t 0
|
| 999 |
|
|
|a MARS
|
| 999 |
f |
f |
|s d3c44442-ffa2-396a-acd1-35dee5a96331
|i 46f4d71c-cc18-3c70-888e-5943c0b07dca
|t 0
|
| 952 |
f |
f |
|a Texas A&M University
|b College Station
|c Electronic Resources
|s www_evans
|d Available Online
|t 0
|h No information provided
|
| 998 |
f |
f |
|t 0
|l Available Online
|